[Event "Women's Speed Chess Q2"]
[Site "chess.com INT"]
[Date "2021.05.29"]
[Round "3"]
[White "Smirnova, Ekaterina"]
[Black "Mohota, Nisha"]
[Result "1/2-1/2"]
[WhiteTitle "WIM"]
[BlackTitle "IM"]
[WhiteElo "2240"]
[BlackElo "2195"]
[WhiteFideId "4110943"]
[BlackFideId "5004330"]
[EventDate "2021.05.29"]

1. d4 d5 2. c4 e6 3. Nc3 Nf6 4. cxd5 exd5 5. Bg5 c6 6. e3 Bd6 7. Bd3 h6 8. Bh4
O-O 9. Qc2 a5 10. Nf3 Na6 11. a3 Re8 12. O-O Nc7 13. Rab1 Bg4 14. Bf5 Bxf3 15.
gxf3 Ne6 16. Kh1 Be7 17. Rg1 Nd7 18. Bg3 Ndf8 19. Rg2 g6 20. Rbg1 Kh8 21. Bd3
Bd6 22. f4 Ng7 23. f5 g5 24. f3 Rxe3 25. Rf2 Nh7 26. Qd2 Re8 27. f4 g4 28. Bc2
Nf6 29. Bh4 Be7 30. Bxf6 Bxf6 31. Rxg4 Qe7 32. Qd3 Qe3 33. Qxe3 Rxe3 34. Rg3
Rae8 35. Rd2 Bh4 36. Rxe3 Rxe3 37. Kg2 Bf6 38. Na4 Re1 39. Nc5 b6 40. Nd7 Bd8
41. Ne5 Kg8 42. Nxc6 Bc7 43. Ne5 Nh5 44. Nd3 Nxf4+ 45. Nxf4 Bxf4 46. Rf2 Be3 47.
Rf3 Bxd4 48. Bd3 Bxb2 49. a4 Bf6 50. Bb5 Ra1 51. Rd3 Ra2+ 52. Kf3 d4 53. h3 Kf8
54. Ke4 Ke7 55. Rd1 Rh2 56. Bf1 Rf2 57. Kd5 Rxf5+ 58. Kc6 Rc5+ 59. Kxb6 Rc2 60.
Kxa5 Rb2 61. Ka6 Kd6 62. a5 Ra2 63. Bb5 Kc5 64. Rc1+ Kb4 65. Rb1+ Kc3 66. Rc1+
Kd2 67. Rh1 d3 68. Rh2+ Kc3 69. Rxa2 d2 70. Ba4 Kd3 71. Bd1 Ke3 72. Kb6 Bd4+ 73.
Kb7 Bc5 74. a6 Bd4 75. a7 Bxa7 76. Kxa7 Kd3 77. Kb7 f5 78. Kc7 f4 79. Kd6 Ke3
80. Ke5 f3 81. Bxf3 Kxf3 82. Rxd2 Kg3 83. Rd3+ Kh2 84. Kf6 h5 85. Kg6 h4 86. Kg5
Kg2 87. Kxh4 Kh2 88. Kg4 Kg2 89. h4 Kf2 90. h5 Ke2 91. Ra3 Kd2 92. h6 Kc2 93. h7
Kb2 94. Rh3 Kc2 95. h8=Q Kd2 96. Qd8+ Kc2 97. Qd3+ Kc1 98. Rh2 1/2-1/2

[Event "Women's Speed Chess Q2"]
[Site "chess.com INT"]
[Date "2021.05.29"]
[Round "4"]
[White "Vargas, Gabriela"]
[Black "Nurmanova, Alua"]
[Result "0-1"]
[WhiteTitle "WIM"]
[BlackTitle "WFM"]
[WhiteElo "2170"]
[BlackElo "2008"]
[WhiteFideId "3700860"]
[BlackFideId "13729390"]
[EventDate "2021.05.29"]

1. d4 Nf6 2. Nf3 g6 3. Bg5 Bg7 4. c3 O-O 5. Nbd2 h6 6. Bh4 d6 7. e4 Nc6 8. Be2
e5 9. dxe5 dxe5 10. O-O Qe7 11. Qc2 g5 12. Bg3 Nh5 13. Rfe1 Nf4 14. Bf1 Be6 15.
Bc4 Rad8 16. b4 g4 17. Bxe6 fxe6 18. Nh4 Qg5 19. Bxf4 exf4 20. Ndf3 gxf3 21.
Nxf3 Qb5 22. a4 Qc4 23. Qb2 Bxc3 0-1

[Event "Women's Speed Chess Q2"]
[Site "chess.com INT"]
[Date "2021.05.29"]
[Round "4"]
[White "Selkirk, Rebecca"]
[Black "Dworakowska, Joanna"]
[Result "0-1"]
[WhiteTitle "WCM"]
[BlackTitle "IM"]
[WhiteElo "1799"]
[BlackElo "2322"]
[WhiteFideId "14306514"]
[BlackFideId "1107445"]
[EventDate "2021.05.29"]

1. e4 c5 2. Nf3 d6 3. d4 cxd4 4. Nxd4 Nf6 5. Nc3 a6 6. Bg5 e6 7. f4 Be7 8. Qf3
Qc7 9. O-O-O Nbd7 10. Bd3 h6 11. Bxf6 Bxf6 12. e5 dxe5 13. Nxe6 fxe6 14. Bg6+
Ke7 15. Rhe1 Rd8 16. fxe5 Nxe5 17. Qh5 Rxd1+ 18. Rxd1 Bd7 19. Ne4 Nxg6 20. Qxg6
Qf4+ 21. Kb1 Be8 0-1

[Event "Women's Speed Chess Q2"]
[Site "chess.com INT"]
[Date "2021.05.29"]
[Round "4"]
[White "Sukandar, Irine Kharisma"]
[Black "Borisova, Ekaterina"]
[Result "1-0"]
[WhiteTitle "IM"]
[BlackTitle "FM"]
[WhiteElo "2413"]
[BlackElo "2268"]
[WhiteFideId "7101937"]
[BlackFideId "34124184"]
[EventDate "2021.05.29"]

1. d4 Nf6 2. Bf4 g6 3. Nc3 d5 4. e3 Bg7 5. h4 c5 6. Nb5 Na6 7. Be2 h5 8. Nf3 O-O
9. O-O cxd4 10. exd4 Ne4 11. a4 Bf5 12. c3 Nd6 13. Nxd6 exd6 14. Qb3 Nc7 15.
Qxb7 Be4 16. Qc6 Ne6 17. Bxd6 Re8 18. Bg3 Rc8 19. Qd6 Qf6 20. Rfe1 Bf8 21. Qa6
Nf4 22. Qxf6 1-0

[Event "Women's Speed Chess Q2"]
[Site "chess.com INT"]
[Date "2021.05.29"]
[Round "4"]
[White "Nguyen, Hong Anh"]
[Black "Atalik, Ekaterina"]
[Result "0-1"]
[WhiteTitle "WIM"]
[BlackTitle "IM"]
[WhiteElo "1993"]
[BlackElo "2430"]
[WhiteFideId "12406732"]
[BlackFideId "4130189"]
[EventDate "2021.05.29"]

1. d4 Nf6 2. c4 g6 3. Nf3 Bg7 4. g3 d5 5. cxd5 Nxd5 6. Bg2 Nb6 7. O-O Nc6 8. d5
Nxd5 9. Nbd2 O-O 10. Nb3 Nb6 11. Qe1 e5 12. Bg5 f6 13. Rd1 Qe7 14. Be3 Qf7 15.
Nfd2 f5 16. Nb1 e4 17. Nc3 Ne5 18. f3 exf3 19. exf3 Re8 20. Qf2 Nbc4 21. Bd4 b6
22. Rfe1 Bb7 23. Bxe5 Nxe5 24. Nd4 Rad8 25. Ndb5 a6 26. Nd4 c5 27. Nb3 c4 28.
Nd4 Nd3 29. Rxe8+ Qxe8 0-1

[Event "Women's Speed Chess Q2"]
[Site "chess.com INT"]
[Date "2021.05.29"]
[Round "4"]
[White "Franco Valencia, Angela"]
[Black "Berend, Elvira"]
[Result "1/2-1/2"]
[WhiteTitle "WIM"]
[BlackTitle "WGM"]
[WhiteElo "2089"]
[BlackElo "2326"]
[WhiteFideId "4403070"]
[BlackFideId "4000510"]
[EventDate "2021.05.29"]

1. e4 e5 2. Nf3 Nc6 3. Bc4 Bc5 4. c3 Nf6 5. d3 d6 6. b4 Bb6 7. a4 a5 8. b5 Ne7
9. O-O Ng6 10. Be3 O-O 11. h3 Be6 12. Bb3 Bxb3 13. Qxb3 Nh5 14. d4 Nhf4 15. Kh2
Qf6 16. Nbd2 Rae8 17. g3 Ne6 18. dxe5 Nxe5 19. Nxe5 Qxe5 20. Bxb6 cxb6 21. Rad1
Nc5 22. Qc2 Qe6 23. Rfe1 h6 24. c4 f5 25. e5 f4 26. g4 dxe5 27. Ne4 Nxe4 28.
Qxe4 f3 29. Rd3 Rf4 30. Qxf4 exf4 31. Rxe6 Rxe6 32. Rxf3 Re4 33. Rc3 Kf7 34. Kg2
g5 35. Kf3 Re5 36. Rd3 Ke7 37. h4 Ke6 38. hxg5 hxg5 39. Rd8 Rc5 40. Rg8 Kf6 41.
Rf8+ Kg6 42. Rg8+ Kf6 43. Rf8+ Kg6 44. Rg8+ Kf6 1/2-1/2

[Event "Women's Speed Chess Q2"]
[Site "chess.com INT"]
[Date "2021.05.29"]
[Round "4"]
[White "Von Herman, Brigitte"]
[Black "Ribeiro, Regina"]
[Result "1-0"]
[WhiteTitle "WFM"]
[BlackTitle "WIM"]
[WhiteElo "1991"]
[BlackElo "1920"]
[WhiteFideId "4628730"]
[BlackFideId "2100681"]
[EventDate "2021.05.29"]

1. e4 c6 2. d4 d5 3. exd5 cxd5 4. Bd3 Nc6 5. c3 Nf6 6. h3 g6 7. Nf3 Bf5 8. Be2
Bg7 9. O-O Ne4 10. Bf4 O-O 11. Re1 Qd7 12. Nbd2 Nxd2 13. Qxd2 Rac8 14. a4 Na5
15. Bb5 Qd8 16. Qe2 Be4 17. Nd2 a6 18. Bd3 Bxd3 19. Qxd3 Nc4 20. b4 Nxd2 21.
Bxd2 e6 22. b5 axb5 23. axb5 Rc4 24. Ra7 Qb6 25. Rea1 Qxb5 26. Rb1 Qc6 27. Rbxb7
h6 28. h4 h5 29. Qf3 Rxc3 30. Bxc3 Qxc3 31. Qxc3 1-0

[Event "Women's Speed Chess Q2"]
[Site "chess.com INT"]
[Date "2021.05.29"]
[Round "4"]
[White "Arabidze, Meri"]
[Black "Kulkarni, Bhakti"]
[Result "0-1"]
[WhiteTitle "IM"]
[BlackTitle "IM"]
[WhiteElo "2436"]
[BlackElo "2391"]
[WhiteFideId "13604040"]
[BlackFideId "5019516"]
[EventDate "2021.05.29"]

1. Nf3 f5 2. d4 Nf6 3. g3 g6 4. Bg2 Bg7 5. O-O O-O 6. c4 e6 7. Nc3 d5 8. b3 c6
9. Bf4 Nbd7 10. Qc2 Ne4 11. Rfd1 b6 12. cxd5 cxd5 13. Nb5 Bb7 14. Qc7 Ba6 15.
Qxd8 Raxd8 16. Nc7 Bxe2 17. Nxe6 Bxd1 18. Rxd1 Rc8 19. Nxf8 Kxf8 20. Rc1 Rxc1+
21. Bxc1 Nc3 22. Bd2 Nxa2 23. Ng5 Nf6 24. Ne6+ Kf7 25. Nxg7 Kxg7 26. Bf4 Ne4 27.
Bb8 a6 28. Bf1 b5 29. f3 Nd2 30. Be5+ Kf7 31. Be2 Nc3 32. Kf2 Nxb3 33. Bd3 a5
34. Bd6 Nxd4 35. Be5 a4 36. Bxd4 b4 37. Bxc3 bxc3 38. Ke3 a3 39. Bb1 c2 40. Bxc2
a2 0-1

[Event "Women's Speed Chess Q2"]
[Site "chess.com INT"]
[Date "2021.05.29"]
[Round "4"]
[White "Obregon Garcia, Roxangel"]
[Black "Doluhanova, Evgeniya"]
[Result "1-0"]
[WhiteTitle "WIM"]
[BlackTitle "WGM"]
[WhiteElo "2167"]
[BlackElo "2207"]
[WhiteFideId "3520420"]
[BlackFideId "14112035"]
[EventDate "2021.05.29"]

1. e4 e5 2. Nf3 Nc6 3. Bc4 Bc5 4. c3 Nf6 5. d4 exd4 6. b4 Bb6 7. e5 d5 8. exf6
dxc4 9. Qe2+ Be6 10. fxg7 Rg8 11. b5 Ne7 12. Bg5 Rxg7 13. Qe5 Rg8 14. O-O Qd5
15. Qf6 Nf5 16. Re1 Rg6 17. Qh8+ Kd7 18. Qxa8 h6 19. Ne5+ 1-0

[Event "Women's Speed Chess Q2"]
[Site "chess.com INT"]
[Date "2021.05.29"]
[Round "4"]
[White "Gu, Xiaobing"]
[Black "Kanyamarala, Trisha"]
[Result "1-0"]
[WhiteTitle "WGM"]
[BlackTitle "WIM"]
[WhiteElo "2263"]
[BlackElo "2180"]
[WhiteFideId "8602611"]
[BlackFideId "45004722"]
[EventDate "2021.05.29"]

1. e4 c5 2. Nf3 d6 3. d4 cxd4 4. Nxd4 Nf6 5. Nc3 a6 6. Qd3 Nc6 7. Be2 e6 8. Nxc6
bxc6 9. Qg3 Be7 10. a4 e5 11. O-O O-O 12. Be3 Kh8 13. a5 Be6 14. Rfd1 Rb8 15. b3
Nd7 16. f4 f6 17. f5 Bf7 18. Na4 Qc7 19. Nb6 Nc5 20. Bxc5 dxc5 21. Rd7 Qxd7 22.
Nxd7 Rfd8 23. Nxb8 Rxb8 24. Rd1 Be8 25. Bxa6 Ra8 26. Qd3 Kg8 27. Bc4+ Kf8 28. a6
Bd8 29. Qc3 Bb6 30. Kh1 Ra7 31. b4 1-0

[Event "Women's Speed Chess Q2"]
[Site "chess.com INT"]
[Date "2021.05.29"]
[Round "4"]
[White "Antonova, Nadezhda"]
[Black "Frayna, Janelle Mae"]
[Result "0-1"]
[WhiteTitle "WFM"]
[BlackTitle "WGM"]
[WhiteElo "1877"]
[BlackElo "2179"]
[WhiteFideId "14700182"]
[BlackFideId "5212499"]
[EventDate "2021.05.29"]

1. d4 Nf6 2. Nf3 g6 3. Nbd2 Bg7 4. e4 d5 5. Bd3 dxe4 6. Nxe4 O-O 7. O-O Nxe4 8.
Bxe4 Nd7 9. c3 c5 10. dxc5 Nxc5 11. Bc2 Qxd1 12. Rxd1 Bg4 13. Be3 Rac8 14. Rd5
b6 15. Bxc5 bxc5 16. Rad1 Be6 17. R5d2 Bxa2 18. Ra1 Be6 19. Rxa7 Rb8 20. Be4 Bf6
21. h3 Rb5 22. Rc7 Rfb8 23. g4 h6 24. Rc6 Kg7 25. Bd5 Bc8 26. Bc4 Ra5 27. Rc7
Bb7 28. Bd5 Bxd5 29. Rxd5 Rxb2 30. Rdxc5 Raa2 31. Ne5 Rxf2 32. Nd7 Rg2+ 33. Kf1
Rh2 34. Kg1 Rhb2 0-1

[Event "Women's Speed Chess Q2"]
[Site "chess.com INT"]
[Date "2021.05.29"]
[Round "4"]
[White "Dordzhieva, Dinara"]
[Black "Sviridova, Vlada"]
[Result "1-0"]
[WhiteTitle "WGM"]
[BlackTitle "WFM"]
[WhiteElo "2334"]
[BlackElo "2144"]
[WhiteFideId "24157570"]
[BlackFideId "24109606"]
[EventDate "2021.05.29"]

1. Nf3 d5 2. d4 Nf6 3. c4 c6 4. g3 dxc4 5. a4 a5 6. Na3 g6 7. Nxc4 Bg7 8. Bg2
Na6 9. O-O O-O 10. Nfe5 Nb4 11. e4 Be6 12. h3 Rc8 13. Be3 Nd7 14. Nxd7 Bxd7 15.
Rc1 Be6 16. Qd2 Bxc4 17. Rxc4 b5 18. Rcc1 bxa4 19. Ra1 c5 20. d5 Qd7 21. Rfc1 c4
22. Bd4 Nd3 23. Bxg7 Kxg7 24. Rc2 Qb5 25. Bf1 Ne5 26. Kg2 Qb3 27. Rc3 Qb4 28.
Qd4 f6 29. Rc2 Rfd8 30. Rac1 Rb8 31. Bxc4 Nxc4 32. Rxc4 Qxb2 33. Qc5 a3 34.
Qxe7+ Kg8 35. Rc7 f5 36. Qxh7+ Kf8 37. Qf7# 1-0

[Event "Women's Speed Chess Q2"]
[Site "chess.com INT"]
[Date "2021.05.29"]
[Round "4"]
[White "Girya, Olga"]
[Black "Li, Xueyi"]
[Result "1/2-1/2"]
[WhiteTitle "WGM"]
[BlackTitle "WGM"]
[WhiteElo "2451"]
[BlackElo "2328"]
[WhiteFideId "4195752"]
[BlackFideId "8605912"]
[EventDate "2021.05.29"]

1. d4 d5 2. Nf3 Nf6 3. c4 c6 4. e3 e6 5. Nbd2 Ne4 6. Bd3 f5 7. O-O Bd6 8. Ne5
O-O 9. f3 Nxd2 10. Bxd2 Nd7 11. f4 Nf6 12. c5 Bxe5 13. dxe5 Ne4 14. b4 b6 15.
Bxe4 fxe4 16. Qa4 Bd7 17. Bc3 a5 18. Bd4 b5 19. Qb3 axb4 20. Qxb4 Qa5 21. Qxa5
Rxa5 22. a3 Rfa8 23. Bb2 Ra4 24. Rfd1 Kf7 25. Rd4 g6 26. Rxa4 Rxa4 27. Bc3 1/2-1/2

[Event "Women's Speed Chess Q2"]
[Site "chess.com INT"]
[Date "2021.05.29"]
[Round "4"]
[White "Lujan, Carolina"]
[Black "Adam, Ernestina"]
[Result "1-0"]
[WhiteTitle "IM"]
[BlackTitle "WCM"]
[WhiteElo "2346"]
[BlackElo "1354"]
[WhiteFideId "109878"]
[BlackFideId "165883"]
[EventDate "2021.05.29"]

1. e4 c6 2. Nf3 d5 3. Nc3 Bg4 4. h3 Bxf3 5. Qxf3 e6 6. d4 Nf6 7. Bd3 dxe4 8.
Nxe4 Nbd7 9. O-O Nxe4 10. Qxe4 Nf6 11. Qe3 h6 12. c4 Bd6 13. b3 O-O 14. Bb2 Qc7
15. Rad1 Rfe8 16. Rfe1 Bf4 17. Qf3 Rad8 18. Bc2 b5 19. g3 Bd6 20. Kg2 bxc4 21.
bxc4 Rb8 22. Bc3 e5 23. c5 exd4 24. cxd6 Qd7 25. Rxe8+ Rxe8 26. Bxd4 Nd5 27. Qg4
Qxg4 28. hxg4 Re6 29. Bc5 1-0

[Event "Women's Speed Chess Q2"]
[Site "chess.com INT"]
[Date "2021.05.29"]
[Round "4"]
[White "Soumya, Swaminathan"]
[Black "Nikolova, Adriana"]
[Result "0-1"]
[WhiteTitle "IM"]
[BlackTitle "WGM"]
[WhiteElo "2351"]
[BlackElo "2243"]
[WhiteFideId "5016193"]
[BlackFideId "2908689"]
[EventDate "2021.05.29"]

1. b3 Nf6 2. Bb2 e6 3. Nf3 d5 4. c4 c5 5. cxd5 exd5 6. d4 b6 7. g3 Bb7 8. Bg2
Nbd7 9. O-O Be7 10. Nc3 O-O 11. Rc1 Rc8 12. Re1 Ne4 13. dxc5 Nxc3 14. Bxc3 bxc5
15. e3 Bf6 16. Bxf6 Nxf6 17. Qd2 Qb6 18. Red1 Rfd8 19. Qb2 a5 20. Qe5 h6 21. h4
Re8 22. Qf4 Re4 23. Qf5 Rce8 24. Qh3 R4e7 25. Qh1 Rd8 26. h5 d4 27. exd4 cxd4
28. Nh4 Bxg2 29. Qxg2 d3 30. Nf5 Re5 31. Ne3 d2 32. Rc2 Qb4 33. Kh2 Ne4 34. Nc4
Rxh5+ 35. Kg1 Rd4 36. f3 Nc3 37. Rdxd2 Rhd5 38. Rxd4 Rxd4 39. Kh2 Nd1 40. Rf2
Nxf2 41. Qxf2 Qc3 42. Qe2 Rd8 43. g4 Qd3 44. Qe7 Qd7 0-1

[Event "Women's Speed Chess Q2"]
[Site "chess.com INT"]
[Date "2021.05.29"]
[Round "4"]
[White "Eswaran, Aksithi"]
[Black "Balabayeva, Xeniya"]
[Result "1-0"]
[WhiteTitle "WCM"]
[BlackTitle "WFM"]
[WhiteElo "1745"]
[BlackElo "2178"]
[WhiteFideId "2083485"]
[BlackFideId "13719688"]
[EventDate "2021.05.29"]

1. e4 c6 2. d4 d5 3. exd5 cxd5 4. Bd3 Nc6 5. c3 Nf6 6. Bf4 g6 7. Nd2 Bg7 8. Ngf3
O-O 9. O-O Bg4 10. h3 Bxf3 11. Nxf3 Ne4 12. Re1 Nd6 13. Ne5 Rc8 14. Nxc6 Rxc6
15. Bg5 Re8 16. Qf3 Nc4 17. Re2 f6 18. Bh4 e6 19. Rae1 Kf7 20. Qg4 a6 21. f4 Nb6
22. Qf3 Rc8 23. f5 1-0

[Event "Women's Speed Chess Q2"]
[Site "chess.com INT"]
[Date "2021.05.29"]
[Round "4"]
[White "Shuvalova, Polina"]
[Black "Cyfka, Karina"]
[Result "1/2-1/2"]
[WhiteTitle "IM"]
[BlackTitle "IM"]
[WhiteElo "2484"]
[BlackElo "2415"]
[WhiteFideId "24171760"]
[BlackFideId "1122681"]
[EventDate "2021.05.29"]

1. e4 e5 2. Nf3 Nc6 3. Bb5 a6 4. Ba4 Nf6 5. O-O b5 6. Bb3 Bb7 7. d3 Bc5 8. Nc3
h6 9. a3 d6 10. Ne2 O-O 11. Ng3 Ne7 12. Re1 Ng6 13. h3 Bb6 14. Bd2 c5 15. Qc1
Kh7 16. Nf5 Ng8 17. h4 Bc8 18. h5 Bxf5 19. exf5 Nh4 20. Bd5 Ra7 21. Nh2 Nf6 22.
Be4 d5 23. Bf3 Nxf3+ 24. Nxf3 e4 25. dxe4 dxe4 26. Nh2 c4 27. Be3 Rd7 28. Bxb6
Qxb6 29. Qf4 Rfd8 30. Nf1 Nxh5 31. Qxe4 Nf6 32. Qf3 Rd4 33. Re7 R4d7 34. Rae1
Rxe7 35. Rxe7 Rd7 36. Rxd7 Nxd7 37. Ne3 Nf6 38. c3 Qd6 39. g3 Qd2 40. Qb7 Kg8
41. Qa8+ Kh7 42. Qb7 Kg8 43. Qa8+ Kh7 44. Qb7 1/2-1/2

[Event "Women's Speed Chess Q2"]
[Site "chess.com INT"]
[Date "2021.05.29"]
[Round "4"]
[White "Komiagina, Maria"]
[Black "Sargsyan, Anna M."]
[Result "0-1"]
[WhiteTitle "WIM"]
[BlackTitle "WGM"]
[WhiteElo "2241"]
[BlackElo "2385"]
[WhiteFideId "4153987"]
[BlackFideId "13308130"]
[EventDate "2021.05.29"]

1. e4 c6 2. d4 d5 3. e5 c5 4. dxc5 Nc6 5. Bb5 Bf5 6. Nf3 e6 7. Be3 Bg4 8. c3 Ne7
9. h3 Bxf3 10. Qxf3 Qc7 11. Bd4 a6 12. Bxc6+ Nxc6 13. Qg3 Nxd4 14. cxd4 b6 15.
O-O bxc5 16. dxc5 Rb8 17. b3 g6 18. Nd2 Bg7 19. Nf3 Qxc5 20. Rac1 Qa5 21. Rc2
O-O 22. Rfc1 Qb4 23. Qg5 a5 24. Qe3 a4 25. bxa4 Qxa4 26. Nd4 Rb4 27. Nc6 Re4 28.
Qd3 Bxe5 29. f3 Bd4+ 30. Kh1 Rh4 31. Ne7+ Kg7 32. Rc7 Be5 33. Rb7 Qxa2 34. Qc2
Qxc2 35. Rxc2 Ra4 0-1

[Event "Women's Speed Chess Q2"]
[Site "chess.com INT"]
[Date "2021.05.29"]
[Round "4"]
[White "Arakhamia-Grant, Ketevan"]
[Black "Ziegenfuss, Antonia"]
[Result "1-0"]
[WhiteTitle "GM"]
[BlackTitle "WFM"]
[WhiteElo "2380"]
[BlackElo "2157"]
[WhiteFideId "13600168"]
[BlackFideId "12962554"]
[EventDate "2021.05.29"]

1. e4 c5 2. Nf3 e6 3. d4 cxd4 4. Nxd4 Nc6 5. Nc3 Qc7 6. Be3 a6 7. Bd3 Nf6 8. O-O
Bd6 9. h3 O-O 10. Nxc6 dxc6 11. f4 e5 12. f5 b5 13. g4 c5 14. g5 Ne8 15. Nd5 Qd8
16. c4 Nc7 17. Qh5 Nxd5 18. exd5 e4 19. Bxe4 Qe7 20. g6 h6 21. Rae1 Qxe4 22.
Bxh6 Qc2 23. Bd2 Qxd2 24. Qh7# 1-0

[Event "Women's Speed Chess Q2"]
[Site "chess.com INT"]
[Date "2021.05.29"]
[Round "4"]
[White "Pandey, Srishti"]
[Black "Fernandez, Maria Florencia"]
[Result "1-0"]
[WhiteTitle "WFM"]
[BlackTitle "WIM"]
[WhiteElo "2026"]
[BlackElo "2229"]
[WhiteFideId "35093290"]
[BlackFideId "116459"]
[EventDate "2021.05.29"]

1. d4 Nf6 2. c4 e6 3. Nf3 Bb4+ 4. Bd2 Bxd2+ 5. Nbxd2 O-O 6. g3 d5 7. Bg2 c5 8.
cxd5 Nxd5 9. dxc5 Qa5 10. a3 Qxc5 11. b4 Qc3 12. O-O Nc6 13. Ne4 Qb2 14. Nfd2
Nd4 15. e3 Nc2 16. Rb1 Qa2 17. Qc1 f5 18. Rb2 Qxa3 19. Qxc2 fxe4 20. Nc4 Qd3 21.
Bxe4 Qxc2 22. Bxc2 Bd7 23. Ne5 Bb5 24. Rd1 Nc3 25. Rd6 Rfe8 26. Bb3 1-0

[Event "Women's Speed Chess Q2"]
[Site "chess.com INT"]
[Date "2021.05.29"]
[Round "4"]
[White "Zhai, Mo"]
[Black "Antolak, Julia"]
[Result "1-0"]
[WhiteTitle "WGM"]
[BlackTitle "WIM"]
[WhiteElo "2366"]
[BlackElo "2306"]
[WhiteFideId "8600201"]
[BlackFideId "1159569"]
[EventDate "2021.05.29"]

1. Nf3 Nf6 2. c4 g6 3. g3 Bg7 4. Bg2 O-O 5. O-O c5 6. Nc3 Nc6 7. d3 a6 8. a3 Rb8
9. Rb1 b5 10. cxb5 axb5 11. b4 cxb4 12. axb4 e5 13. d4 d6 14. dxe5 dxe5 15. Be3
Be6 16. Bc5 Re8 17. Bd6 e4 18. Ng5 Rb7 19. Ncxe4 Rd7 20. Nxf6+ Bxf6 21. Ne4 Be5
22. Bxe5 Nxe5 23. Qc1 Bc4 24. Qf4 Re6 25. Nc5 Rd4 26. Nxe6 1-0

[Event "Women's Speed Chess Q2"]
[Site "chess.com INT"]
[Date "2021.05.29"]
[Round "4"]
[White "Martynkova, Olena"]
[Black "Smirnova, Ekaterina"]
[Result "1/2-1/2"]
[WhiteTitle "WIM"]
[BlackTitle "WIM"]
[WhiteElo "2195"]
[BlackElo "2240"]
[WhiteFideId "14134039"]
[BlackFideId "4110943"]
[EventDate "2021.05.29"]

1. d4 d5 2. Nf3 Nf6 3. c4 c6 4. Nc3 e6 5. e3 a6 6. a4 c5 7. cxd5 exd5 8. Be2 Nc6
9. O-O Be6 10. b3 Be7 11. Bb2 O-O 12. Rc1 Rc8 13. dxc5 Bxc5 14. Nxd5 Qxd5 15.
Qxd5 Bxd5 16. Rxc5 Bxb3 17. Bxf6 gxf6 18. a5 Be6 19. Rfc1 Ne7 20. Nd4 Rxc5 21.
Rxc5 Rc8 22. Nxe6 fxe6 23. Rxc8+ Nxc8 24. Bf3 Nd6 25. Kf1 Kf7 26. Ke2 Ke7 27.
Kd3 Kd7 28. Kd4 Kc7 29. Kc5 h6 30. h4 Nf7 31. Bg4 Ne5 32. Bxe6 Nd3+ 33. Kd4 Nxf2
34. g4 b6 35. axb6+ Kxb6 36. e4 Kc7 37. e5 fxe5+ 38. Kxe5 Kd8 39. Kf5 Ke7 40.
Bc4 Nxg4 41. Kxg4 Kf6 42. Kh5 Kg7 43. Bxa6 Kh8 44. Bc4 Kg7 45. Bd3 Kh8 46. Kg6
Kg8 47. Kxh6 Kh8 48. h5 Kg8 49. Bh7+ Kh8 50. Bg6 Kg8 51. Kg5 Kh8 52. h6 Kg8 53.
h7+ Kh8 1/2-1/2

[Event "Women's Speed Chess Q2"]
[Site "chess.com INT"]
[Date "2021.05.29"]
[Round "4"]
[White "Tokhirjonova, Gulrukhbegim"]
[Black "Nandhidhaa, P V"]
[Result "1-0"]
[WhiteTitle "WGM"]
[BlackTitle "WGM"]
[WhiteElo "2350"]
[BlackElo "2365"]
[WhiteFideId "14203626"]
[BlackFideId "5050847"]
[EventDate "2021.05.29"]

1. e4 c5 2. Nf3 Nc6 3. Bb5 e5 4. Bxc6 dxc6 5. d3 Bd6 6. O-O Ne7 7. Nbd2 O-O 8.
Nc4 f6 9. h3 Bc7 10. Be3 b6 11. a4 a5 12. b3 Be6 13. Nh2 Ng6 14. Qd2 Nf4 15.
Bxf4 exf4 16. Rfe1 Qe8 17. Qe2 Qg6 18. Kh1 Rae8 19. Qf3 f5 20. exf5 Bxf5 21. Ng4
Rxe1+ 22. Rxe1 Re8 23. Nge5 Qh6 24. Re2 g5 25. Ng4 Bxg4 26. Rxe8+ Kf7 27. Qxg4
Kxe8 28. Qc8+ Bd8 29. Nxb6 Qd6 30. Nc4 Qf6 31. Nxa5 Qa1+ 32. Kh2 f3 33. Nxc6 Qf1
34. Qxd8+ Kf7 35. Qd5+ Kg6 36. Qxf3 1-0

[Event "Women's Speed Chess Q2"]
[Site "chess.com INT"]
[Date "2021.05.29"]
[Round "4"]
[White "Swati, Mohota"]
[Black "Nomin-Erdene, Davaademberel"]
[Result "0-1"]
[WhiteTitle "WFM"]
[BlackTitle "IM"]
[WhiteElo "2027"]
[BlackElo "2382"]
[WhiteFideId "5006511"]
[BlackFideId "4900782"]
[EventDate "2021.05.29"]

1. d4 f5 2. Nc3 Nf6 3. Bf4 d5 4. e3 e6 5. Nf3 Bd6 6. Bd3 O-O 7. Qd2 c5 8. dxc5
Bxc5 9. O-O-O Bb4 10. a3 Ba5 11. h3 Nc6 12. Ne5 Bd7 13. g4 Ne4 14. Bxe4 fxe4 15.
Nxd7 Qxd7 16. b4 Bc7 17. Nxe4 Bxf4 18. exf4 a5 19. Nc5 Qe7 20. Qe3 axb4 21.
Qxe6+ Kh8 22. Qxe7 Nxe7 23. axb4 Rxf4 24. Kb2 Rxb4+ 25. Kc3 Rc4+ 26. Kd3 Rxc5
27. Rhe1 Nc6 28. Re6 Kg8 29. Rde1 Ra3+ 30. Kd2 Ra2 31. Re8+ Kf7 32. Rc8 Raxc2+
33. Ke3 R5c3+ 34. Kf4 Rxf2+ 35. Kg5 h6+ 36. Kh4 g5+ 37. Kh5 Rxh3# 0-1

[Event "Women's Speed Chess Q2"]
[Site "chess.com INT"]
[Date "2021.05.29"]
[Round "4"]
[White "Zawadzka, Jolanta"]
[Black "Zakirova, Aisha"]
[Result "1-0"]
[WhiteTitle "WGM"]
[BlackTitle "WCM"]
[WhiteElo "2399"]
[BlackElo "1585"]
[WhiteFideId "1122320"]
[BlackFideId "13719734"]
[EventDate "2021.05.29"]

1. e4 c5 2. Nf3 d6 3. d4 cxd4 4. Nxd4 Nf6 5. f3 e5 6. Nb3 Nc6 7. c4 Be7 8. Nc3
a6 9. Be3 Be6 10. Be2 O-O 11. O-O Rb8 12. Nd5 b5 13. cxb5 axb5 14. Rc1 Bxd5 15.
exd5 Nb4 16. Bd2 Nbxd5 17. Ba5 Qd7 18. Qd2 Rfc8 19. Kh1 Nb6 20. Rxc8+ Qxc8 21.
Bxb5 Nbd5 22. Bd3 Nf4 23. Rc1 Qe6 24. Bf1 Ng6 25. Bc3 e4 26. Nd4 Qxa2 27. Nf5
exf3 28. Nxe7+ Nxe7 29. Qxd6 Re8 30. gxf3 Nf5 31. Qf4 Qd5 32. Bc4 Qc6 33. Rg1
Nh4 34. Qxf6 Qxf6 35. Bxf6 Nxf3 36. Rxg7+ Kf8 37. Rxf7+ Kg8 38. Rg7+ Kf8 39.
Rg8# 1-0